Maiores ídolos da história do Flamengo (#1) - Statistics

Estatísticas Gerais
  • Esse quiz foi jogado 333 vezes
  • A pontuação média é 20 de 30
Estatísticas das Respostas
Imagem Resposta % Correto
Zico
100%
Gabriel Barbosa
91%
Arrascaeta
90%
Bruno Henrique
90%
Adriano
89%
Everton Ribeiro
89%
Filipe Luis
89%
Gerson
89%
Jorge Jesus
89%
Julio Cezar
87%
Pedro
87%
Diego Ribas
86%
Júnior
86%
Petkovic
86%
Romário
86%
Leonardo Moura
82%
Leandro
76%
Juan
75%
Adílio
66%
Andrade
59%
Nunes
50%
Carpegiani
49%
Leônidas
46%
Mozer
39%
Zagallo
34%
Evaristo de Macedo
33%
Dida
27%
Zizinho
25%
Rondinelli
22%
Domingos da Guia
11%
Nenhum quiz correspondente encontrado
Distribuição das Pontuações
Porcentagem de Pessoas com Cada Pontuação
Percentil de Números Respondidos
Sua Pontuação Histórica
Você não jogou esse quiz